000 00649nam a22001817a 4500
003 UA-OsUOA
001 16419
007 ta
008 20040110b un ||||| |||| 00| 0 ukr d
100 _aЛуківська Т.
942 _cSA
040 _aUA-OsUOA
_cUA-OsUOA
_dUA-OsUOA
245 _aТаланти прагнуть визнання
_bЛіт. об-ню "Поетарх" , що діє при Рівнен. міськ. Палаці дітей і молоді, - 20 р.
300 _aС.15
955 _a0
773 0 _w0
_tВільне слово
_dРівне
_d2003
_g№100 /19 груд./
650 7 _aКраєзнавча робота
_2UDC
999 _c302584
_d302584